How to design, build & use electronic control systems / (Record no. 183887)
[ view plain ]
| 000 -LEADER | |
|---|---|
| fixed length control field | 00895 a2200217 4500 |
| 003 - CONTROL NUMBER IDENTIFIER | |
| control field | Nust |
| 005 - DATE AND TIME OF LATEST TRANSACTION | |
| control field | 20230316145807.0 |
| 010 ## - LIBRARY OF CONGRESS CONTROL NUMBER | |
| LC control number | 80020683 |
| 020 ## - INTERNATIONAL STANDARD BOOK NUMBER | |
| International Standard Book Number | 0830612297 (pbk.) : |
| 020 ## - INTERNATIONAL STANDARD BOOK NUMBER | |
| International Standard Book Number | 0830698442 : |
| 040 ## - CATALOGING SOURCE | |
| Transcribing agency | Nust |
| 082 00 - DEWEY DECIMAL CLASSIFICATION NUMBER | |
| Classification number | 629.8043,TED |
| 100 1# - MAIN ENTRY--PERSONAL NAME | |
| Personal name | Tedeschi, Frank P. |
| 9 (RLIN) | 103347 |
| 245 10 - TITLE STATEMENT | |
| Title | How to design, build & use electronic control systems / |
| Statement of responsibility, etc. | by Frank P. Tedeschi. |
| 250 ## - EDITION STATEMENT | |
| Edition statement | 1st ed. |
| 260 ## - PUBLICATION, DISTRIBUTION, ETC. | |
| Place of publication, distribution, etc. | Blue Ridge Summit, Pa. : |
| Name of publisher, distributor, etc. | Tab Books, |
| Date of publication, distribution, etc. | c1981. |
| 300 ## - PHYSICAL DESCRIPTION | |
| Extent | 308 p. : |
| Other physical details | ill. ; |
| Dimensions | 22 cm. |
| 505 ## - FORMATTED CONTENTS NOTE | |
| Formatted contents note | Fundamental Concepts (Page-9), Block Diagram Algebra (Page-24), The Mathematics of Control Systems (Page-39), Frequency Response Fundamentals (Page-68), Control System Stability Analysis (Page-102), Control System Components (Page-137), Practical Control Systems (Page-221), The Phase-Locked Loop (Page-251). |
| 650 #0 - SUBJECT ADDED ENTRY--TOPICAL TERM | |
| Topical term or geographic name entry element | Electronic control. |
| 942 ## - ADDED ENTRY ELEMENTS (KOHA) | |
| Source of classification or shelving scheme | |
| Koha item type | Book |
| Withdrawn status | Lost status | Source of classification or shelving scheme | Damaged status | Not for loan | Permanent Location | Current Location | Shelving location | Date acquired | Full call number | Barcode | Date last seen | Price effective from | Koha item type | Public note |
|---|---|---|---|---|---|---|---|---|---|---|---|---|---|---|
| Military College of Signals (MCS) | Military College of Signals (MCS) | General Stacks | 12/12/2016 | 629.8043,TED | MCS5542 | 12/08/2016 | 12/12/2016 | Book | Almirah No.74, Shelf No.7 |
